000 00692cab a2200265 4500
001 X2746
008 090401t1990 xxu||||| |||| 00| 0 eng d
035 _a(Sirsi) u26043
041 _aeng
110 _aNational Farmers' Union
_9456
245 _aUK agriculture : its importance and relationship to the economy as a whole
260 _c1990
350 _a0
490 _aRural Practice Bulletin
_vJuly 1990, 30-37(8)
650 _aAGRICULTURAL HOLDINGS
650 _aEMPLOYMENT
650 _aFARM PONDS
650 _aRURAL ECONOMY
650 _aSTATISTICS
650 _aSUPPORT
650 _aTREE PLANTING
690 _aRURAL PRACTICE
942 _n0
948 _c04/03/1997
999 _c17478
_d17478